00242nam a2200109Ia 4500008004100000041001200041082001100053100001600064245003900080260000600119650000700125221030s9999 xx 000 0 und d aEnglish a105.23 aB. M. Patel 0aProject Managementcby B. M. Patel c0 aMb